000 00767nam a2200229 a 4500
001 114593
003 DR-UNIBE
005 20260422101541.0
008 260422s2005 mx b 001 0 spa
020 _a9707124814
040 _aDLC
_cDLC
_erda
041 _aspa
082 _aF 5816
100 _aPérez Tremps, Pablo,
_d 1956-2021
_eautor
_9203258
245 1 0 _aTribunal constitucional y tribunales ordinarios :
_bperspectivas del sistema de justicia constitucional en España /
_cPablo Pérez Tremps
260 _aMéxico :
_bSuprema Corte de Justicia de la Nación,
_c2005
300 _a54 páginas
490 _aColección de pensamiento jurídico ;
_vno. 20
650 7 _2lemb
_aDerecho penal
650 7 _2lemb
_aDerecho constitucional
942 _2ddc
_cMX
999 _c114593
_d114593